<?xml version="1.0" encoding="UTF-8"?><OAI-PMH xmlns="http://www.openarchives.org/OAI/2.0/" xmlns:xsi="http://www.w3.org/2001/XMLSchema-instance"     xsi:schemaLocation="http://www.openarchives.org/OAI/2.0/ http://www.openarchives.org/OAI/2.0/OAI-PMH.xsd"><responseDate>2026-05-14T21:27:41Z</responseDate><request verb="GetRecord" identifier="oai:regmurcia.com:fintegr.663" metadataPrefix="marc21">http://oai.regmurcia.com/oai2/oai2.php</request><GetRecord><record><header><identifier>oai:regmurcia.com:fintegr.663</identifier><datestamp>2026-05-14</datestamp><setSpec>documentos</setSpec></header><metadata><record  xmlns="http://www.loc.gov/MARC21/slim" xmlns:xsi="http://www.w3.org/2001/XMLSchema-instance" xsi:schemaLocation="http://www.loc.gov/MARC21/slim http://www.loc.gov/standards/marcxml/schema/MARC21slim.xsd" type="Bibliographic"><leader>00000nam a2200000   4500</leader><controlfield tag="001" >005070001</controlfield><controlfield tag="003" >663</controlfield><controlfield tag="004" >A00000000</controlfield><datafield tag="245" ind1=" " ind2=" "><subfield code="a">Carta abierta de Alfonso X  a los partidores de la ciudad de Murcia ordenando la separación de moros y cristianos.</subfield></datafield><datafield tag="300" ind1=" " ind2=" "><subfield code="c">328 x 240 mm.</subfield></datafield><datafield tag="351" ind1=" " ind2=" "><subfield code="a">Unidad Documental</subfield><subfield code="c">Archivo de Murcia. Array</subfield><subfield code="a">Unidad Documental</subfield><subfield code="c">Archivo de Murcia. Array</subfield></datafield><datafield tag="351" ind1=" " ind2=" "><subfield code="b">Nº 4</subfield></datafield><datafield tag="505" ind1=" " ind2=" "><subfield code="a">/codom/1/018.pdf</subfield></datafield><datafield tag="506" ind1=" " ind2=" "><subfield code="a">Acceso restringido</subfield></datafield><datafield tag="510" ind1=" " ind2=" "><subfield code="a">Pub. TORRES FONTES, JUAN. Documentos de Alfonso X el Sabio. Murcia: Academia Alfonso X El Sabio, 1.963, p. 29-31.                                             
Pub. VALLS TABERNER, FERNANDO. Los privilegios de Alfonso X a la ciudad de Murcia. Discurso inaugural del curso 1923-24 en la Universidad de Murcia. Barcelona: Tipográfica Católica Casals, 1923, pag. 33-35.</subfield></datafield><datafield tag="520" ind1=" " ind2=" "><subfield code="a">Alfonso X ordena a los partidores de Murcia la separación de moros y cristianos, debido a los agravios ocasionados por parte de los cristianos. Para ello manda que los moros pasen a vivir a la Arrixaca en un plazo máximo de 40 días y que para evitar conflictos se construya un muro que delimite los distintos heredamientos.</subfield></datafield><datafield tag="583" ind1=" " ind2=" "><subfield code="u">http://www.regmurcia.com/servlet/s.Sl?METHOD=VERDOCUMENTO&amp;sit=serv,Carmesi&amp;n=/01/1973/indice.djvu</subfield></datafield><datafield tag="592" ind1=" " ind2=" "><subfield code="a">1266-06-05</subfield></datafield><datafield tag="592" ind1=" " ind2=" "><subfield code="d">1266-06-05 00:00:00</subfield></datafield><datafield tag="651" ind1=" " ind2=" "><subfield code="a">Sevilla</subfield></datafield><datafield tag="786" ind1=" " ind2=" "><subfield code="o">http://www.regmurcia.com/servlet/s.Sl?METHOD=VERDOCUMENTO&amp;sit=serv,Carmesi&amp;n=/01/1973/indice.djvu</subfield></datafield><datafield tag="856" ind1=" " ind2=" "><subfield code="u">http://www.regmurcia.com/servlet/s.Sl?METHOD=DETALLE&amp;sit=c,373,m,139,serv,Carmesi&amp;id=663</subfield></datafield></record></metadata></record></GetRecord></OAI-PMH>
